Statistics for Patron Saints

Click here to take the quiz!

General Stats

  • This quiz has been taken 102 times
  • The average score is 6 of 12

Answer Stats

HintAnswer% Correct
IrelandPatrick
95%
FishermenPeter
76%
ScotlandAndrew
75%
Lost thingsAnthony
66%
Tax CollectorsMatthew
64%
Lost CausesJude
60%
FranceJoan of Arc
56%
MilitaryMichael
38%
ArchitectsThomas
26%
The Society of JesusIgnatius of Loyola
19%
WomenMary Magdalene
9%
ItalyCatherine of Siena
6%

Score Distribution

Percentile by Number Answered

Percent of People with Each Score

Your Score History

You have not taken this quiz